000 00497nam a2200181 4500
001 45329
090 _a45329
100 _a20251219 pory50
101 _apor
102 _aPT
200 _aRoberto Rosselini
_fHélénè Frappat
210 _a[S.l]
_cCahiers du Cinema
_cPrisa Innova , dist. Público
_d[cop. 2008]
215 _a94, [2] p.
_cil.
225 _aGrandes realizadores
_v15
600 _aRosselini,
_bRoberto
_crealizador de cinema
675 _a791.63
801 _aPT
_gRPC
990 _cLIVROS